000 00721nam a22001817a 4500
003 UA-OsUOA
001 17482
007 ta
008 20040309b un ||||| |||| 00| 0 ukr d
100 _aЧуй В.
942 _cSA
040 _aUA-OsUOA
_cUA-OsUOA
_dUA-OsUOA
245 _aПрозорість на руку , щоправда , на жаль , лише тим , хто вправно сплачує всі податки
_b[Про роботу упр. податкового аудиту Держ. податкової адміністраці Рівного]
300 _aС.6
955 _a0
773 0 _w0
_tСім днів
_dРівне
_d2004
_g№9/ 27 лют./
650 7 _aКраєзнавча робота
_2UDC
999 _c303650
_d303650